000 00788nam a22001937a 4500
003 OSt
005 20251202141745.0
008 251202b |||||||| |||| 00| 0 eng d
040 _cDCL
041 _aMyanmar and English
082 _a၄၂၈
100 0 _aစိုးမြင့်၊
_cဦး။
245 1 0 _aLet's Travel /
_cဦးစိုးမြင့်။
260 _aရန်ကုန် ၊
_bလောကသစ်စာပေ၊
_c၂၀၀၆။
300 _a၂၄၉ စာမျက်နှာ၊
_c၂၀ စင်တီ။
650 _aအင်္ဂလိပ်စကားပြော
650 _aအင်္ဂလိပ်ဘာသာစကား
_xအသုံးအနှုန်း
942 _2ddc
_cSHORT TERM
_n0
999 _c2652
_d2652